[Event "Charlotte op"]
[Site "Charlotte"]
[Date "2023.01.16"]
[Round "6"]
[White "Sukandar, Irine Kharisma"]
[Black "Feng, Maggie"]
[Result "1-0"]
[WhiteElo "2395"]
[BlackElo "2138"]
[PlyCount "163"]
[EventDate "2023.01.14"]
[EventType "swiss"]
[EventRounds "6"]
[EventCountry "USA"]
[SourceTitle "CBM 212 Extra"]
[Source "ChessBase"]
[SourceDate "2023.03.31"]
[SourceVersion "1"]
[SourceVersionDate "2023.03.31"]
[SourceQuality "1"]

1. d4 e6 2. Bf4 Nf6 3. e3 c5 4. Nd2 Nc6 5. Ngf3 d5 6. Bb5 Bd7 7. 0-0 Be7 8. dxc5 Bxc5 9. c4 0-0 10. Rc1 Be7 11. h3 a6 12. Bxc6 Bxc6 13. Ne5 Rc8 14. Qe2 Bb4 15. Nb3 Qe7 16. Nd4 Bd7 17. Bg5 Rcd8 18. cxd5 exd5 19. Nxd7 Rxd7 20. Qf3 Qe4 21. Bxf6 Qxf3 22. Nxf3 gxf6 23. Rfd1 Bd6 24. Kf1 Be5 25. b3 Rfd8 26. Rd3 Kf8 27. Nh4 Ke7 28. Nf5+ Ke6 29. g4 Bb8 30. Ke2 Rc7 31. Nd4+ Ke7 32. Rcd1 Rcd7 33. Nf5+ Ke6 34. f4 Ba7 35. Kf3 Rc8 36. Ng7+ Ke7 37. Rxd5 Rxd5 38. Rxd5 Rc2 39. Nf5+ Ke8 40. Ke4 Bb8 41. a4 Rc3 42. Rd3 Rxd3 43. Kxd3 Kd7 44. Kc4 Kc6 45. Nd4+ Kd6 46. b4 Ba7 47. b5 a5 48. Nf5+ Ke6 49. Nd4+ Kd6 50. e4 Bb6 51. Nf5+ Ke6 52. Nd4+ Kd6 53. h4 Ba7 54. Nf5+ Ke6 55. Ng7+ Kd6 56. Ne8+ Ke7 57. Nc7 Bf2 58. h5 Kd6 59. Nd5 Ke6 60. Kd3 Bc5 61. Ne3 b6 62. Nc4 Bg1 63. Ne3 Bf2 64. Nf5 Bc5 65. Nd4+ Ke7 66. Kc4 Kd6 67. h6 Ba3 68. Nf5+ Ke6 69. Ng7+ Kd6 70. Ne8+ Ke7 71. Nc7 Bc5 72. Nd5+ Ke6 73. Kd3 Bg1 74. g5 fxg5 75. fxg5 Bc5 76. Nf6 Be7 77. Nxh7 Ke5 78. Nf6 Bxf6 79. gxf6 Kxf6 80. Kd4 Kg6 81. Ke5 Kxh6 82. Kf6 1-0

[Event "Titled Tuesday intern op 03rd Jan Early"]
[Site "Chess.com INT"]
[Date "2023.01.03"]
[Round "5"]
[White "Feng, Maggie"]
[Black "Flis, Pawel"]
[Result "1-0"]
[WhiteElo "2138"]
[BlackElo "1901"]
[PlyCount "95"]
[EventDate "2023.01.03"]
[EventType "swiss (blitz)"]
[EventRounds "11"]
[EventCountry "USA"]
[SourceTitle "EXT 2024"]
[Source "ChessBase"]
[SourceDate "2023.10.10"]
[SourceVersion "1"]
[SourceVersionDate "2023.10.10"]
[SourceQuality "1"]

1. Nf3 Nf6 2. g3 g6 3. b3 Bg7 4. Bb2 0-0 5. Bg2 c5 6. c4 d5 7. cxd5 Nxd5 8. Bxg7 Kxg7 9. 0-0 Nc6 10. d4 Nxd4 11. Nxd4 cxd4 12. Qxd4+ Nf6 13. Qe5 Qd6 14. Qxd6 exd6 15. Rd1 Rd8 16. Nc3 a6 17. Rac1 Be6 18. Bxb7 Ra7 19. Bf3 d5 20. Na4 Rdd7 21. Rc6 Rdc7 22. Rcc1 Ne4 23. Kg2 Nf6 24. Nb6 Rab7 25. Rxc7 Rxc7 26. Bxd5 Nxd5 27. Nxd5 Rc2 28. Nb4 Rxe2 29. Nxa6 Rxa2 30. Nc5 Rb2 31. Rd3 Bf5 32. Rc3 Rc2 33. Rxc2 Bxc2 34. b4 Kf8 35. Kf3 Ke7 36. Kf4 Kd6 37. Kg5 Kc6 38. Kh6 Kb5 39. Kxh7 Kxb4 40. Nd7 Kc4 41. Kg7 Kd3 42. Kxf7 Ke2 43. f4 Kf3 44. Ne5+ Kg2 45. Nxg6 Kxh2 46. g4 Kg3 47. g5 Kg4 48. Kf6 1-0

[Event "USA-ch U20 Girls"]
[Site "Saint Louis"]
[Date "2019.07.20"]
[Round "9"]
[White "Feng, Maggie"]
[Black "Wu, Rochelle"]
[Result "0-1"]
[WhiteElo "2198"]
[BlackElo "2085"]
[PlyCount "122"]
[EventDate "2019.07.11"]
[EventType "tourn"]
[EventRounds "9"]
[EventCountry "USA"]
[SourceTitle "CBM 191 Extra"]
[Source "ChessBase"]
[SourceDate "2019.09.30"]
[SourceVersion "1"]
[SourceVersionDate "2019.09.30"]
[SourceQuality "1"]

1. Nf3 d5 2. g3 Nc6 3. d4 Bf5 4. Bg2 Nb4 5. Na3 e6 6. c3 Na6 7. 0-0 Be7 8. Nc2 Nf6 9. Ne5 h6 10. Ne1 0-0 11. N1d3 c5 12. Be3 c4 13. Ne1 Qb6 14. Qc1 Nb8 15. h3 Ne4 16. Bf4 f6 17. N5f3 Bd6 18. Bxd6 Qxd6 19. Nd2 b5 20. Nxe4 dxe4 21. Qe3 Nc6 22. g4 Bh7 23. Bxe4 Bxe4 24. Qxe4 f5 25. Qg2 fxg4 26. hxg4 e5 27. d5 Ne7 28. Rd1 Rad8 29. Nc2 Ng6 30. e3 Nh4 31. Qg3 Nf3+ 32. Kg2 Qc5 33. Nb4 Kh7 34. e4 Rf4 35. Nc2 Qe7 36. Ne1 Nh4+ 37. Kh3 g5 38. f3 Rdf8 39. Rf2 h5 40. Rdd2 Qf6 41. gxh5 g4+ 42. Kh2 gxf3 43. d6 Rg8 44. d7 Qd8 45. Qh3 Qg5 46. Qf1 Nf5 47. Nxf3 Rh4+ 48. Nxh4 Qg3+ 49. Kh1 Qxh4+ 50. Rh2 Ng3+ 51. Kg1 Nxf1+ 52. Kxf1 Rf8+ 53. Rdf2 Rxf2+ 54. Rxf2 Qh3+ 55. Ke1 Qxd7 56. Rd2 Qg4 57. Re2 Qxh5 58. Kd2 Qf3 59. Re3 Qf4 60. Ke2 Qh2+ 61. Kf3 Qxb2 0-1

[Event "USA-ch U20 Girls"]
[Site "Saint Louis"]
[Date "2019.07.18"]
[Round "7"]
[White "Feng, Maggie"]
[Black "Li, Rachael"]
[Result "1-0"]
[WhiteElo "2198"]
[BlackElo "1736"]
[PlyCount "103"]
[EventDate "2019.07.11"]
[EventType "tourn"]
[EventRounds "9"]
[EventCountry "USA"]
[SourceTitle "CBM 191 Extra"]
[Source "ChessBase"]
[SourceDate "2019.09.30"]
[SourceVersion "1"]
[SourceVersionDate "2019.09.30"]
[SourceQuality "1"]

1. d4 Nf6 2. c4 g6 3. Nc3 Bg7 4. e4 d6 5. Bd3 0-0 6. Nge2 Nbd7 7. 0-0 e5 8. d5 Nh5 9. Be3 f5 10. exf5 gxf5 11. Ng3 Nxg3 12. fxg3 Nc5 13. Bc2 a5 14. Rb1 Bd7 15. Qd2 Qf6 16. b3 b6 17. Nb5 Rac8 18. a3 a4 19. b4 Nb3 20. Bxb3 axb3 21. Rxb3 Qg6 22. a4 f4 23. gxf4 exf4 24. Bxf4 Qe4 25. Rg3 Rf7 26. Rff3 Rcf8 27. Bh6 Bg4 28. Rxf7 Rxf7 29. h3 Qb1+ 30. Kh2 Bf5 31. Bxg7 Rxg7 32. Rxg7+ Kxg7 33. Nxc7 Qe4 34. Ne6+ Bxe6 35. dxe6 Qe5+ 36. Kg1 Qa1+ 37. Kf2 Qf6+ 38. Kg3 Qxe6 39. Qd4+ Kf8 40. Kh2 h6 41. a5 bxa5 42. bxa5 Ke7 43. a6 d5 44. a7 Qd6+ 45. Kg1 Qa3 46. Qe5+ Kf8 47. Qb8+ Kf7 48. a8Q Qc1+ 49. Kh2 Qxc4 50. Qf8+ Kg6 51. Qae8+ Kg5 52. Qe5+ 1-0

[Event "USA-ch (Women) 59th"]
[Site "Saint Louis"]
[Date "2019.03.31"]
[Round "11"]
[White "Krush, Irina"]
[Black "Feng, Maggie"]
[Result "1-0"]
[WhiteElo "2451"]
[BlackElo "2199"]
[PlyCount "119"]
[EventDate "2019.03.20"]
[EventType "tourn"]
[EventRounds "11"]
[EventCountry "USA"]
[EventCategory "2"]
[SourceTitle "CBM 189 Extra"]
[Source "ChessBase"]
[SourceDate "2019.06.03"]
[SourceVersion "1"]
[SourceVersionDate "2019.06.03"]
[SourceQuality "1"]

1. c4 e5 2. Nc3 Nc6 3. g3 Bc5 4. Bg2 a6 5. e3 d6 6. Nge2 Ba7 7. d4 exd4 8. exd4 Nge7 9. 0-0 0-0 10. Be3 Nf5 11. Qd2 Re8 12. Rae1 Nxe3 13. fxe3 Ne7 14. Qd3 c6 15. Kh1 Rb8 16. Be4 g6 17. Bg2 b5 18. b3 d5 19. c5 b4 20. Nb1 Bf5 21. Qd1 Kg7 22. Nf4 Qd7 23. Nd2 Ng8 24. e4 dxe4 25. Nxe4 Bxe4 26. Rxe4 Rxe4 27. Bxe4 Nf6 28. Bg2 Rd8 29. d5 Nxd5 30. Nxd5 cxd5 31. Qd4+ Kg8 32. Qxb4 Qc7 33. Rc1 d4 34. Qb7 Bb8 35. Qxc7 Bxc7 36. Bf1 a5 37. Bd3 Kf8 38. a3 Rb8 39. Rb1 Ke7 40. b4 axb4 41. axb4 Kd7 42. b5 Ra8 43. b6 Be5 44. c6+ Ke7 45. b7 Rb8 46. Re1 Kd6 47. Rxe5 Kxc6 48. Re7 f5 49. Rxh7 Rxb7 50. Rxb7 Kxb7 51. Kg2 Kc6 52. Kf3 Kd6 53. Kf4 Ke6 54. Kg5 Kf7 55. h4 Kg7 56. Bc4 Kh7 57. Bf7 d3 58. Bxg6+ Kg7 59. Bxf5 d2 60. Bc2 1-0

[Event "USA-ch (Women) 59th"]
[Site "Saint Louis"]
[Date "2019.03.24"]
[Round "5"]
[White "Yip, Carissa"]
[Black "Feng, Maggie"]
[Result "1-0"]
[WhiteElo "2279"]
[BlackElo "2199"]
[PlyCount "91"]
[EventDate "2019.03.20"]
[EventType "tourn"]
[EventRounds "11"]
[EventCountry "USA"]
[EventCategory "2"]
[SourceTitle "CBM 189 Extra"]
[Source "ChessBase"]
[SourceDate "2019.06.03"]
[SourceVersion "1"]
[SourceVersionDate "2019.06.03"]
[SourceQuality "1"]

1. e4 e6 2. d4 d5 3. Nd2 Be7 4. e5 c5 5. Qg4 Kf8 6. Ndf3 Nc6 7. Bd3 h5 8. Qf4 Nh6 9. dxc5 Bxc5 10. Be3 Be7 11. c3 Qc7 12. Ne2 Kg8 13. h3 h4 14. Rg1 Kf8 15. g3 g5 16. Nxg5 Qxe5 17. Nh7+ Rxh7 18. Bxh7 Qxf4 19. Bxf4 Kg7 20. Bc2 f5 21. 0-0-0 Nf7 22. gxh4+ Kh7 23. Bg5 Nd6 24. Bxe7 Nxe7 25. Rg5 Nf7 26. Rg3 Bd7 27. Nf4 Rg8 28. c4 Rxg3 29. fxg3 Nd6 30. cxd5 e5 31. Re1 e4 32. g4 Kg7 33. Nh5+ Kg6 34. Ng3 Nxd5 35. gxf5+ Bxf5 36. Nxe4 Nb5 37. Ng3 Bxc2 38. Kxc2 Nd4+ 39. Kd3 Nf3 40. h5+ Kg5 41. Rc1 Kf4 42. Ne2+ Ke5 43. h6 Ng5 44. Rg1 Nh7 45. Rg7 Ndf6 46. Rxb7 1-0

[Event "USA-ch (Women) 59th"]
[Site "Saint Louis"]
[Date "2019.03.23"]
[Round "4"]
[White "Feng, Maggie"]
[Black "Wang, Annie"]
[Result "1/2-1/2"]
[WhiteElo "2199"]
[BlackElo "2304"]
[PlyCount "176"]
[EventDate "2019.03.20"]
[EventType "tourn"]
[EventRounds "11"]
[EventCountry "USA"]
[EventCategory "2"]
[SourceTitle "CBM 189 Extra"]
[Source "ChessBase"]
[SourceDate "2019.06.03"]
[SourceVersion "1"]
[SourceVersionDate "2019.06.03"]
[SourceQuality "1"]

1. Nf3 d5 2. g3 c5 3. c4 d4 4. e3 Nc6 5. exd4 cxd4 6. d3 Nf6 7. Bg2 e5 8. 0-0 Nd7 9. Na3 Be7 10. Nc2 0-0 11. a3 a5 12. Rb1 a4 13. Bd2 Nc5 14. Bb4 Bf5 15. Bxc5 Bxc5 16. b4 axb3 17. Rxb3 Qc7 18. Nb4 Nxb4 19. axb4 Be7 20. Re1 f6 21. Nh4 Be6 22. f4 Ra4 23. f5 Bf7 24. b5 Rfa8 25. Qf3 Qa5 26. Rbb1 Rb8 27. Qg4 Bb4 28. Red1 Bd2 29. Be4 Ra2 30. Ng2 Bc3 31. Qf3 Qb6 32. Rf1 Kf8 33. Rf2 Rxf2 34. Qxf2 Be8 35. Qa2 Qc5 36. Rb3 Bb4 37. Qa4 Bc3 38. Qa3 Qxa3 39. Rxa3 b6 40. Ra7 Rd8 41. Kf2 Rd7 42. Ra6 Ba5 43. c5 Rd8 44. c6 Rc8 45. Bd5 Rc7 46. Kf3 Ke7 47. Ke4 Kd6 48. Ra8 Bh5 49. Rd8+ Ke7 50. Rh8 h6 51. Nh4 Kd6 52. Bc4 Bd2 53. Rb8 Ra7 54. Rxb6 Kc5 55. c7 Rxc7 56. Rb8 Bf7 57. Be6 Re7 58. b6 Bxe6 59. fxe6 Rxe6 60. b7 Kc6 61. Rg8 Kxb7 62. Rxg7+ Kb6 63. Rg6 Rc6 64. Nf5 Kb5 65. Ne7 Ra6 66. h4 Be3 67. g4 Bf2 68. h5 Be3 69. Nf5 Bg5 70. Kd5 Ra3 71. Nxh6 Rxd3 72. Nf7 Bf4 73. Rxf6 Re3 74. Rxf4 exf4 75. Kxd4 Re7 76. Ng5 Re8 77. Nf3 Re3 78. Ng5 Rg3 79. Ne6 Rxg4 80. Ke4 Rh4 81. Nxf4 Kc5 82. Kf5 Kd6 83. Kg5 Rh1 84. h6 Ke5 85. Ng6+ Ke6 86. h7 Rxh7 87. Nf8+ Kf7 88. Nxh7 Kg7 1/2-1/2

[Event "USA-ch (Women) 59th"]
[Site "Saint Louis"]
[Date "2019.03.20"]
[Round "1"]
[White "Abrahamyan, Tatev"]
[Black "Feng, Maggie"]
[Result "0-1"]
[WhiteElo "2377"]
[BlackElo "2199"]
[PlyCount "98"]
[EventDate "2019.03.20"]
[EventType "tourn"]
[EventRounds "11"]
[EventCountry "USA"]
[EventCategory "2"]
[SourceTitle "CBM 189 Extra"]
[Source "ChessBase"]
[SourceDate "2019.06.03"]
[SourceVersion "1"]
[SourceVersionDate "2019.06.03"]
[SourceQuality "1"]

1. e4 e6 2. d4 d5 3. Nc3 Bb4 4. e5 Ne7 5. a3 Bxc3+ 6. bxc3 c5 7. Qg4 0-0 8. Bd3 Nbc6 9. Qh5 Ng6 10. Nf3 Qc7 11. Be3 c4 12. Bxg6 fxg6 13. Qg4 Qf7 14. Ng5 Qe8 15. h4 h6 16. Nh3 b5 17. Nf4 Ne7 18. a4 bxa4 19. Bc1 Qf7 20. Rxa4 Qf5 21. Qxf5 gxf5 22. Ba3 Re8 23. Bxe7 Rxe7 24. Kd2 a5 25. Rb1 Rea7 26. h5 Kf7 27. f3 Bd7 28. Ra3 a4 29. g4 fxg4 30. fxg4 Kg8 31. Ke3 Ra6 32. Rg1 Rb8 33. g5 hxg5 34. Rxg5 Kh7 35. Rg6 Rbb6 36. Rg1 Be8 37. Ng6 Rb7 38. Nf8+ Kh6 39. Ng6 Rf7 40. Nf4 Rf5 41. Rb1 Bxh5 42. Rb8 Kg5 43. Nxh5 Kxh5 44. Rb7 Rg5 45. Rb4 Rg2 46. Rb7 g5 47. Ra1 Rxc2 48. Rg7 Rxc3+ 49. Ke2 Kg4 0-1

[Event "USA-ch U20 Girls"]
[Site "Saint Louis"]
[Date "2018.07.20"]
[Round "8"]
[White "Feng, Maggie"]
[Black "Yip, Carissa"]
[Result "0-1"]
[WhiteElo "2236"]
[BlackElo "2364"]
[PlyCount "74"]
[EventDate "2018.07.12"]
[EventType "tourn"]
[EventRounds "9"]
[EventCountry "USA"]
[SourceTitle "CBM 185 Extra"]
[Source "ChessBase"]
[SourceDate "2018.07.29"]
[SourceVersion "1"]
[SourceVersionDate "2018.07.29"]
[SourceQuality "1"]

1. Nf3 Nf6 2. g3 b5 3. Bg2 Bb7 4. 0-0 e6 5. d3 Be7 6. e4 d6 7. Na3 a6 8. c4 b4 9. Nc2 a5 10. Nd2 e5 11. f4 Nbd7 12. Nf3 0-0 13. Kh1 Re8 14. Be3 Bf8 15. Qd2 c6 16. Rae1 Qc7 17. Bg1 Rad8 18. Re2 Ba6 19. b3 d5 20. exd5 cxd5 21. fxe5 dxc4 22. bxc4 Nxe5 23. Nxe5 Rxe5 24. Bd4 Rh5 25. Bxf6 gxf6 26. Qe3 Re5 27. Qf3 Rxd3 28. Qg4+ Rg5 29. Qe4 Qxc4 30. Rfe1 Qxe4 31. Bxe4 Rc3 32. Rd2 Re5 33. Bg2 Rxc2 34. Rxe5 Rc1+ 35. Bf1 fxe5 36. Kg2 Bxf1+ 37. Kf2 Bc4 0-1

[Event "USA-ch U20 Girls"]
[Site "Saint Louis"]
[Date "2018.07.15"]
[Round "4"]
[White "Feng, Maggie"]
[Black "Morris Suzuki, Sophie"]
[Result "1-0"]
[WhiteElo "2236"]
[BlackElo "1980"]
[PlyCount "113"]
[EventDate "2018.07.12"]
[EventType "tourn"]
[EventRounds "9"]
[EventCountry "USA"]
[SourceTitle "CBM 185 Extra"]
[Source "ChessBase"]
[SourceDate "2018.07.29"]
[SourceVersion "1"]
[SourceVersionDate "2018.07.29"]
[SourceQuality "1"]

1. Nf3 d5 2. g3 Nf6 3. Bg2 e6 4. 0-0 c5 5. c4 dxc4 6. Na3 Be7 7. Nxc4 Nc6 8. b3 0-0 9. Bb2 Qc7 10. Rc1 b5 11. Nce5 Bb7 12. Nxc6 Bxc6 13. d4 Rad8 14. Qe1 Qb6 15. dxc5 Bxc5 16. Qc3 Bxf3 17. Qxf3 Bd4 18. Bxd4 Qxd4 19. Qb7 Qe5 20. Qxa7 Qxe2 21. a4 Nd5 22. Qc5 bxa4 23. bxa4 Qa6 24. Qa3 Ra8 25. Ra1 Qa5 26. Rfc1 Rac8 27. Bf1 g6 28. Qb2 h5 29. h4 Rfd8 30. Qb5 Qd2 31. Rd1 Qc3 32. a5 Ne3 33. fxe3 Qxe3+ 34. Kh2 Rc2+ 35. Bg2 Rxd1 36. Rxd1 Qf3 37. Rg1 Qa3 38. a6 Ra2 39. Qe8+ Kg7 40. Rf1 Qf8 41. Qc6 Qe7 42. Qb7 Kf8 43. Rd1 g5 44. Rd7 Qe8 45. a7 Kg7 46. Rc7 gxh4 47. a8Q hxg3+ 48. Kxg3 Rxa8 49. Qxa8 Qb5 50. Qe4 Qg5+ 51. Kh3 e5 52. Rc3 Kh6 53. Rf3 f6 54. Qf5 Qxf5+ 55. Rxf5 Kg6 56. Be4 Kg7 57. Rxh5 1-0

[Event "Philadelphia op 12th"]
[Site "Philadelphia"]
[Date "2018.04.01"]
[Round "9"]
[White "Feng, Maggie"]
[Black "Marin, Sam"]
[Result "1/2-1/2"]
[WhiteElo "2254"]
[BlackElo "2080"]
[PlyCount "93"]
[EventDate "2018.03.28"]
[EventType "swiss"]
[EventRounds "9"]
[EventCountry "USA"]
[SourceTitle "CBM 183 Extra"]
[Source "ChessBase"]
[SourceDate "2018.04.19"]
[SourceVersion "1"]
[SourceVersionDate "2018.04.19"]
[SourceQuality "1"]

1. Nf3 d5 2. g3 c5 3. c4 d4 4. Bg2 Nc6 5. 0-0 e5 6. d3 Be7 7. e3 Nf6 8. exd4 exd4 9. Bf4 0-0 10. Ne5 Nxe5 11. Bxe5 Bd6 12. Bxf6 Qxf6 13. Nd2 Qd8 14. Bd5 a5 15. Qf3 Ra7 16. Ne4 b6 17. Qh5 g6 18. Qh6 Kh8 19. h4 Bf5 20. Rfe1 Bxe4 21. Rxe4 Re8 22. h5 Rxe4 23. hxg6 fxg6 24. dxe4 Qf6 25. f4 Bf8 26. Qh3 g5 27. Rf1 Rg7 28. e5 Qe7 29. fxg5 Qd8 30. Be4 d3 31. Bxd3 Be7 32. Qf5 Bxg5 33. Kg2 Be7 34. Rh1 Qg8 35. Rh3 Bg5 36. e6 h6 37. Qe5 Qd8 38. g4 Qd4 39. Qxd4 cxd4 40. Bf5 Rc7 41. b3 Kg7 42. Kf3 Kf6 43. Ke4 Be3 44. Kd3 Rc5 45. Rh2 Re5 46. Rh3 Ke7 47. Rf3 1/2-1/2

[Event "Cardinal op"]
[Site "Columbus"]
[Date "2018.01.28"]
[Round "4"]
[White "Feng, Maggie"]
[Black "Cao, Elton"]
[Result "0-1"]
[WhiteElo "2279"]
[BlackElo "2094"]
[PlyCount "78"]
[EventDate "2018.01.26"]
[EventType "swiss"]
[EventRounds "5"]
[EventCountry "USA"]
[SourceTitle "EXT 2023"]
[Source "ChessBase"]
[SourceDate "2022.10.05"]
[SourceVersion "1"]
[SourceVersionDate "2022.10.05"]
[SourceQuality "1"]

1. b3 Nf6 2. Bb2 c5 3. e3 d5 4. Nf3 Nc6 5. Bb5 e6 6. Bxc6+ bxc6 7. d3 Bd6 8. Nbd2 Qc7 9. e4 e5 10. Qe2 0-0 11. 0-0-0 Re8 12. h3 Qa5 13. Kb1 c4 14. dxc4 d4 15. a4 Bb4 16. Kc1 c5 17. Nb1 Bb7 18. Nfd2 Bc6 19. h4 Rab8 20. Rh3 Qb6 21. Ba1 Qb7 22. f3 Nh5 23. g3 g6 24. Rg1 Qd7 25. Rh2 Rb6 26. Rf2 Reb8 27. f4 Bxa4 28. fxe5 Bc6 29. g4 Ng7 30. h5 Qe7 31. hxg6 fxg6 32. Rh1 R8b7 33. Rfh2 Ne6 34. Qf2 Qg5 35. Qf6 Bxe4 36. Kb2 Bxh1 37. Rxh1 Bxd2 38. Nxd2 Qxd2 39. Rf1 Rxb3+ 0-1

[Event "Cardinal op"]
[Site "Columbus"]
[Date "2018.01.26"]
[Round "1"]
[White "McLaughlin, James F"]
[Black "Feng, Maggie"]
[Result "1/2-1/2"]
[WhiteElo "1951"]
[BlackElo "2279"]
[PlyCount "60"]
[EventDate "2018.01.26"]
[EventType "swiss"]
[EventRounds "5"]
[EventCountry "USA"]
[SourceTitle "EXT 2023"]
[Source "ChessBase"]
[SourceDate "2022.10.05"]
[SourceVersion "1"]
[SourceVersionDate "2022.10.05"]
[SourceQuality "1"]

1. d4 d5 2. c4 dxc4 3. Nf3 c5 4. e3 cxd4 5. exd4 Be6 6. Na3 Nc6 7. Nxc4 Nf6 8. Be3 g6 9. Rc1 Bg7 10. Be2 0-0 11. 0-0 Rc8 12. Nfe5 Nd5 13. Bf3 Nxe5 14. Nxe5 Qa5 15. Qd2 Qxa2 16. Ra1 Qb3 17. Rxa7 Rc2 18. Rxb7 Rxd2 19. Rxb3 Nxe3 20. Rxe3 Bxe5 21. dxe5 Rxb2 22. Ra3 Rd8 23. Ra8 Rxa8 24. Bxa8 Ra2 25. Be4 g5 26. Re1 Ra5 27. h3 Bd5 28. Bxd5 Rxd5 29. g4 Kg7 30. Kg2 Kg6 1/2-1/2

[Event "USA-ch U20 Girls"]
[Site "Saint Louis"]
[Date "2017.07.14"]
[Round "7"]
[White "Feng, Maggie"]
[Black "Wang, Annie"]
[Result "1/2-1/2"]
[WhiteElo "2304"]
[BlackElo "2023"]
[PlyCount "155"]
[EventDate "2017.07.08"]
[EventType "tourn"]
[EventRounds "9"]
[EventCountry "USA"]
[SourceTitle "CBM 179 Extra"]
[Source "ChessBase"]
[SourceDate "2017.08.23"]
[SourceVersion "1"]
[SourceVersionDate "2017.08.23"]
[SourceQuality "1"]

1. Nf3 Nf6 2. g3 b5 3. Bg2 Bb7 4. 0-0 e6 5. d3 Be7 6. e4 0-0 7. e5 Nd5 8. c4 bxc4 9. dxc4 Nb6 10. b3 d5 11. cxd5 exd5 12. Nd4 Re8 13. Bb2 Bf8 14. f4 c5 15. Nf5 Nc6 16. Nc3 g6 17. Nd6 Bxd6 18. exd6 Nd4 19. b4 Qxd6 20. bxc5 Qxc5 21. Na4 Ne2+ 22. Kh1 Nxa4 23. Qxa4 Bc6 24. Qa6 Re6 25. Be5 Bb5 26. Qa5 Rc8 27. Rab1 Rb6 28. Qxa7 f6 29. Ba1 Ra6 30. Qb7 Bc4 31. a4 Rac6 32. Rfe1 Ba6 33. Qb2 d4 34. Rxe2 Bxe2 35. Qxe2 R6c7 36. Rd1 Rd8 37. h3 Re7 38. Qf2 Red7 39. Kh2 Kg7 40. Bf1 Qb4 41. Bb5 Rd5 42. Qe2 Rc8 43. Qd3 Rcd8 44. Rd2 Rc8 45. Bb2 Rcd8 46. Bc6 Rh5 47. Bxd4 Rd6 48. Bf3 Ra5 49. Bc3 Rxd3 50. Bxb4 Rxd2+ 51. Bxd2 Rxa4 52. Kg1 Ra2 53. Be1 Rc2 54. Kf1 Kf7 55. Be4 Rc5 56. Ke2 Kg7 57. Bf2 Rc3 58. Bd3 Ra3 59. Bc5 Ra5 60. Bb4 Ra4 61. Bd2 Ra8 62. Be4 Ra3 63. Be3 Ra2+ 64. Kf1 Rb2 65. Bf2 Rb4 66. Bf3 Rb3 67. Kg2 Rb4 68. Be2 Rb3 69. g4 h6 70. Bd4 Rb4 71. Be3 g5 72. f5 Rb3 73. Bf2 Ra3 74. Bf3 Rb3 75. h4 Ra3 76. hxg5 hxg5 77. Bd4 Rd3 78. Bc5 1/2-1/2

[Event "USA-ch (Women)"]
[Site "Saint Louis"]
[Date "2017.04.09"]
[Round "11"]
[White "Yip, Carissa"]
[Black "Feng, Maggie"]
[Result "1/2-1/2"]
[WhiteElo "2234"]
[BlackElo "2162"]
[PlyCount "88"]
[EventDate "2017.03.29"]
[EventType "tourn"]
[EventRounds "11"]
[EventCountry "USA"]
[EventCategory "2"]
[SourceTitle "CBM 177 Extra"]
[Source "ChessBase"]
[SourceDate "2017.04.27"]
[SourceVersion "1"]
[SourceVersionDate "2017.04.27"]
[SourceQuality "1"]

1. e4 e6 2. d4 d5 3. Nd2 Be7 4. Ngf3 Nf6 5. e5 Nfd7 6. Bd3 c5 7. c3 b6 8. 0-0 Ba6 9. Bxa6 Nxa6 10. Qe2 Nc7 11. Ne1 0-0 12. f4 f5 13. exf6 Nxf6 14. Nef3 Bd6 15. Ne5 b5 16. Kh1 Qe8 17. Rf3 b4 18. dxc5 Bxc5 19. Nd3 Qb5 20. Qe5 Bb6 21. cxb4 Ng4 22. Qe1 e5 23. a4 Qa6 24. Nxe5 Rae8 25. h3 Bd4 26. Qf1 Nxe5 27. fxe5 Rxf3 28. Qxa6 Rxh3+ 29. gxh3 Nxa6 30. Nf3 Bxe5 31. Nxe5 Rxe5 32. Bd2 Re4 33. Re1 Rh4 34. Re8+ Kf7 35. Ra8 Nxb4 36. Rxa7+ Ke6 37. Rb7 Nc6 38. b4 Rxh3+ 39. Kg2 Ra3 40. Kf2 Rxa4 41. Rxg7 Nxb4 42. Rxh7 Nd3+ 43. Ke2 Ne5 44. Rh6+ Kd7 1/2-1/2

[Event "USA-ch (Women)"]
[Site "Saint Louis"]
[Date "2017.04.07"]
[Round "9"]
[White "Zatonskih, Anna"]
[Black "Feng, Maggie"]
[Result "1-0"]
[WhiteElo "2451"]
[BlackElo "2162"]
[PlyCount "75"]
[EventDate "2017.03.29"]
[EventType "tourn"]
[EventRounds "11"]
[EventCountry "USA"]
[EventCategory "2"]
[SourceTitle "CBM 177 Extra"]
[Source "ChessBase"]
[SourceDate "2017.04.27"]
[SourceVersion "1"]
[SourceVersionDate "2017.04.27"]
[SourceQuality "1"]

1. d4 d5 2. c4 dxc4 3. e4 c5 4. d5 Nf6 5. Nc3 b5 6. Bf4 Qa5 7. a4 Nxe4 8. Nge2 Nd6 9. axb5 Qb6 10. Ng3 Nd7 11. Bxd6 Qxd6 12. Bxc4 g6 13. Nge4 Qe5 14. 0-0 Bg7 15. Re1 0-0 16. Nxc5 Qd6 17. N3e4 Qb6 18. Nxd7 Bxd7 19. Ra6 Qd4 20. b3 Rfb8 21. Qxd4 Bxd4 22. d6 e6 23. Rd1 Bg7 24. Rc6 Rb6 25. Rc7 Rd8 26. Nc5 Bxb5 27. Nb7 Rf8 28. d7 Bf6 29. d8Q Bxd8 30. Nxd8 Bxc4 31. bxc4 a5 32. c5 Ra6 33. Rdd7 a4 34. Nxf7 Rb8 35. Nh6+ Kf8 36. h3 a3 37. Rxh7 Ke8 38. Rh8# 1-0

[Event "USA-ch (Women)"]
[Site "Saint Louis"]
[Date "2017.04.06"]
[Round "8"]
[White "Feng, Maggie"]
[Black "Paikidze, Nazi"]
[Result "1/2-1/2"]
[WhiteElo "2162"]
[BlackElo "2369"]
[PlyCount "60"]
[EventDate "2017.03.29"]
[EventType "tourn"]
[EventRounds "11"]
[EventCountry "USA"]
[EventCategory "2"]
[SourceTitle "CBM 177 Extra"]
[Source "ChessBase"]
[SourceDate "2017.04.27"]
[SourceVersion "1"]
[SourceVersionDate "2017.04.27"]
[SourceQuality "1"]

1. Nf3 Nf6 2. g3 d5 3. Bg2 e6 4. 0-0 Be7 5. d4 0-0 6. c4 dxc4 7. Ne5 Nc6 8. Nxc6 bxc6 9. Na3 Bxa3 10. bxa3 Ba6 11. Qd2 Rb8 12. Qa5 Qc8 13. a4 Rd8 14. Ba3 Rxd4 15. Rfb1 Rb6 16. Bc5 Rd7 17. Rd1 Rxd1+ 18. Rxd1 Rb8 19. Bxc6 Bb7 20. Bxb7 Qxb7 21. Qxa7 Qxa7 22. Bxa7 Ra8 23. Rb1 c3 24. Bd4 c2 25. Rc1 Rxa4 26. Bxf6 gxf6 27. Rxc2 f5 28. Rxc7 Rxa2 29. e3 Kg7 30. Kg2 Kg6 1/2-1/2

[Event "USA-ch (Women)"]
[Site "Saint Louis"]
[Date "2017.04.05"]
[Round "7"]
[White "Nguyen, Emily"]
[Black "Feng, Maggie"]
[Result "0-1"]
[WhiteElo "2173"]
[BlackElo "2162"]
[PlyCount "108"]
[EventDate "2017.03.29"]
[EventType "tourn"]
[EventRounds "11"]
[EventCountry "USA"]
[EventCategory "2"]
[SourceTitle "CBM 177 Extra"]
[Source "ChessBase"]
[SourceDate "2017.04.27"]
[SourceVersion "1"]
[SourceVersionDate "2017.04.27"]
[SourceQuality "1"]

1. d4 e6 2. c4 f5 3. Nf3 Nf6 4. g3 d5 5. Bg2 c6 6. 0-0 Bd6 7. b3 Qe7 8. Bb2 b6 9. Qc1 Bb7 10. Ba3 Nbd7 11. Bxd6 Qxd6 12. Qb2 0-0 13. Nbd2 c5 14. e3 Ne4 15. Rad1 Qe7 16. Rfe1 g5 17. Ne5 Nxe5 18. dxe5 g4 19. f4 gxf3 20. Nxf3 Rad8 21. Qc2 Bc6 22. Bf1 Kh8 23. Bd3 dxc4 24. Bxc4 Nxg3 25. hxg3 Bxf3 26. Rxd8 Rxd8 27. Qf2 Bc6 28. Bf1 Qg7 29. Qf4 Be4 30. Kf2 Rd2+ 31. Re2 Rd5 32. Bg2 Bxg2 33. Kxg2 Qxe5 34. Qh6 Rd8 35. Qh4 Qe4+ 36. Qxe4 fxe4 37. Kh3 h5 38. g4 hxg4+ 39. Kxg4 Rf8 40. Rd2 Kg7 41. Kg5 Rf5+ 42. Kg4 Rf3 43. Rd7+ Rf7 44. Rd2 Kf8 45. Rc2 Rf3 46. Rc3 Ke7 47. a3 Kd6 48. b4 Kd5 49. bxc5 bxc5 50. Rb3 Kc4 51. Rb7 a5 52. Re7 Rxe3 53. Rxe6 Kd5 54. Ra6 Rxa3 0-1